| 000 | 01721cam a22003251i 4500 | ||
|---|---|---|---|
| 003 | SA-RiAUC | ||
| 005 | 20250422070112.0 | ||
| 008 | 250421s1997 su g 00000 ara c | ||
| 040 |
_aSA-MaUQU _bara _cSA-RiAUC _erda |
||
| 050 | 4 | _b1997 A33 | |
| 050 | 0 | 4 | _bI2626. 1997 |
| 082 | 0 | 4 |
_a258.4 _qSA-RiAUC |
| 090 |
_a258.4 _b ا ب ن ت |
||
| 100 | 1 |
_aابن تيمية، محمد بن الخضر بن محمد، _d542-622 هجري _eمؤلف. |
|
| 245 | 1 | 0 |
_aبلغة الساغب وبغية الراغب / _cتأليف فخر الدين أبي عبد الله محمد بن أبي القاسم محمد بن الخضر بن محمد بن الخضر بن علي بن عبد الله بن تيمية ؛ تحقيق بكر بن عبد الله أبو زيد ؛ تقديم محمد الحبيب بن الخوجة. |
| 250 | _aالطبعة الأولى. | ||
| 264 | 1 |
_aالرياض : _bدار العاصمة للنشر والتوزيع، _c1997 |
|
| 300 |
_a385 صفحة ؛ _c24 سم. |
||
| 336 |
_aنص _btxt _2rdacontent _3كتاب |
||
| 337 |
_aبدون وسيط _bn _2rdamedia |
||
| 338 |
_aمجلد _bnc _2rdacarrier |
||
| 490 | 0 |
_aمطبوعات المجمع ؛ _v3 |
|
| 650 | 7 |
_aالفقه الحنبلي _2aucsh |
|
| 650 | 7 |
_aالفقه الإسلامي _xمذاهب _2aucsh |
|
| 700 | 1 |
_aبن الخوجة، محمد الحبيب، _d1922-2012 _eمقدم. |
|
| 700 | 1 |
_aأبو زيد، بكر بن عبد الله، _d1365-1429 هجري _eمحقق. |
|
| 700 | 1 | 2 |
_iتحقيق لـ (عمل) : _aابن تيمية، محمد بن الخضر بن محمد، _d542-622 هجري. _tبلغة الساغب وبغية الراغب |
| 942 |
_2ddc _cBOOK _n0 |
||
| 949 |
_aSA-JeALM _d250421 _umohamedma123 _n1 |
||
| 999 |
_c7308 _d7308 |
||